000 01185cam a22003017a 4500
003 CHAP
005 20220817043729.0
008 001121d2000 mx r 00110 spa d
010 _a82881
011 _a83853
035 _a94370
040 _cCHAP
090 _aFolleto 16088
110 1 _aAsociación Nacional de Universidades e Instituciones de Educación Superior. México
_98094
245 1 0 _aGuía metodológica para evaluar las bibliotecas de las instituciones de educación superior de la región centro occidente de ANUIES
_c/por Asociación Nacional de Universidades e Instituciones de Educación Superior
260 _a(México, D.F.) :
_bConsejo Regional Centro Occidente. Grupo de Trabajo de Bibliotecas,
_c2000.
300 _a40 h. :
_bcuads.
590 _aBATCH-UPD
_b10
_c20130110
_lUCH01
_h2056
590 _aBATCH-UPD
_b10
_c20130410
_lUCH01
_h1409
590 _aBATCH-UPD
_b10
_c20130914
_lUCH01
_h0623
590 _aCONVERSION
_b10
_c20130109
_lUCH01
_h1346
650 1 4 _aBibliotecas universitarias.
650 1 4 _aBibliotecas
_xEvaluación.
_912511
901 _aBK
905 _aEdna Luz
942 _cFOLL
949 _aFolleto 16088
_bBC
_cB
_d943701
_eTS1
_i94370
_sb
999 _c82881
_d82881